000 00419pab a2200169 454500
008 180718b2013 xxu||||| |||| 00| 0 eng d
100 _aSabherwal, O.P.
245 _aIndia-China relations - A closer look
260 _c2013
300 _ap.27-30.
362 _a16 Feb
650 _aIndia - Foreign relations - China
650 _aInternational relations
773 _aMainstream
908 _aN
909 _a98397
999 _c98396
_d98396